Introduction to solid state physics
Salvato in:
| Autore principale: | |
|---|---|
| Natura: | Libro |
| Lingua: | inglese |
| Pubblicazione: |
Hoboken
John Wiley and Sons Inc.
2005
|
| Edizione: | 8a. ed |
| Soggetti: | |
| Tags: |
Aggiungi Tag
Nessun Tag, puoi essere il primo ad aggiungerne!!
|
MARC
| LEADER | 00000cam a2200000 a 4500 | ||
|---|---|---|---|
| 001 | UCF3886 | ||
| 003 | CL-VaPUC | ||
| 008 | 121108e20050000US |||||||||||||||||eng|d | ||
| 020 | |a 9780471415268 | ||
| 082 | 0 | 4 | |a 530.41 |b KIT |2 21 |
| 100 | |a Kittel, Charles |e author |9 567840 | ||
| 245 | 1 | 0 | |a Introduction to solid state physics |
| 250 | |a 8a. ed | ||
| 300 | |a 680 p | ||
| 942 | |c BK | ||
| 945 | |d 20121108 00:00:00 |a dcastane | ||
| 260 | |a Hoboken |b John Wiley and Sons Inc. |c 2005 | ||
| 650 | 0 | |a Conductividad eléctrica |9 260251 | |
| 650 | 0 | |a Física del estado solido |9 315365 | |
| 650 | 0 | |a Imagen por Resonancia Magnética (IRM) |9 356871 | |
| 650 | 7 | |a PROPIEDADES ELECTRICAS DE LAS SUSTANCIAS |2 CL-VaPUC |9 439508 | |
| 650 | 7 | |a PROPIEDADES MAGNETICAS DE LAS SUSTANCIAS |2 CL-VaPUC |9 352263 | |
| 650 | 0 | |a Sólidos |9 260188 | |
| 650 | 7 | |a SUPERCONDUCTIVIDAD |2 CL-VaPUC |9 314465 | |
| 583 | |a last modification |c 20121108 11:12:00 |k Rodrigo Vera | ||
| 999 | |c 349948 |d 349946 | ||
| 952 | |0 0 |1 0 |4 0 |6 530_410000000000000_KIT_2005 |7 0 |8 A |9 452844 |a BIBCUR |b BIBCUR |d 2019-11-22 |i 4921364 |o 530.41 KIT 2005 |p 4921364 |r 2025-04-22 |w 2019-11-22 |y BK |k FIS | ||